[Event "WYCC Boys U18"]
[Site "Vung Tau City VIE"]
[Date "2008.10.22"]
[Round "3"]
[White "Ton That Nhu Tung"]
[Black "Le Quang Liem"]
[Result "1/2-1/2"]
[WhiteElo "2225"]
[BlackElo "2583"]

1.e4 c5 2.Nf3 d6 3.d4 cxd4 4.Qxd4 Nc6 5.Bb5 Bd7 6.Bxc6 Bxc6 7.Nc3 Nf6 8.Bg5 e6
9.O-O-O Be7 10.Rhe1 O-O 11.Qd2 Qc7 12.Nd4 Rfd8 13.f3 Rac8 14.g4 a6 15.h4 b5
16.Bxf6 Bxf6 17.g5 Bxd4 18.Qxd4 a5 19.Rd2 b4 20.Ne2 e5 21.Qe3 d5 22.exd5 Rxd5
23.Red1 Bb5 24.Qe4 Rc5 25.Qf5 g6 26.Qxc8+ Qxc8 27.Rd8+ Kg7 28.Rxc8 Rxc8 29.Ng3 Bc6
30.Rd3 h6 31.a3 hxg5 32.hxg5 Rh8 33.axb4 axb4 34.Re3 f6 35.gxf6+ Kxf6 36.c3 bxc3
37.Rxc3 Ba8 38.b4 Kg5 39.Ne2 Rh4 40.Rb3 Bd5 41.Re3 Kf5 42.b5 Rh3 43.Ng1 Rg3
44.Re1 Rg2 45.b6 Bb7 46.Ne2 g5 47.Nc3 Rh2 48.Ne4 Rh6 49.Nxg5 Kxg5 50.Rxe5+ Kf6
51.f4 Kf7 52.Rb5 Rd6 53.Kc2 Ke6 54.Kc3 Kd7 55.Rg5 Rxb6 56.Rg7+ Ke8 57.Kd4 Ba6
58.Rc7 Rb5 59.Rc5 Rb7 60.Ke5 Ke7 61.f5 Kf7 62.Kf4 Bb5 63.Kg5 Bd7 64.Rd5 Rc7
65.Rd6 Ke7 66.Rd5 Rc1 67.Rd4 Rc5 68.Rf4 Kf7 69.Rf2 Rc1 70.Rf4 Rd1 71.Rh4 Kg7
72.Re4 Rd5 73.Rf4 Bb5 74.Rb4 Kf7 75.Rh4 Bd3 76.Rf4 Bc2 77.Rf2 Rc5 78.Rf4 Rc8
79.Rb4 Ke7 80.Rb7+ Kd6 81.Rb6+ Kc5 82.Re6 Kd5 83.Re7 Rf8 84.Re2 Bxf5 85.Ra2 Be4
86.Ra5+ Kd4 87.Ra7 Rf5+ 88.Kg4 Rf1 89.Kg5 Bd5 90.Re7 Kc5 91.Ra7 Kd6 92.Ra3 Ke5
93.Kg4 Rf8 94.Re3+ Be4 95.Rg3 Rh8 96.Kg5 Rh1 97.Kg4 Bf5+ 98.Kf3 Ra1 99.Rg8 Ra3+
100.Ke2 Bd3+ 101.Kd2 Be4 102.Rd8 Bd5 103.Rf8 Kd4 104.Rf4+ Be4 105.Rf2 Bf3
106.Kc1 Ke3 107.Kb2 Ra7 108.Rh2 Kd3 109.Rh3 Rb7+ 110.Ka3 Ke3 111.Ka4 Rb1
112.Ka5 Ke4 113.Rh6 Kd5 114.Rb6 Rc1 115.Kb4 Kd4 116.Rd6+ Bd5 117.Rb6 Bc6
118.Ka3 Rc3+ 119.Rb3 Rc2 120.Rb2 Rc5 121.Rb4+ Kc3 122.Rb3+ Kc2 123.Rb2+ Kc1
124.Rb6 Rc4 125.Rb4 Rc2 126.Rb6 Bd5 127.Kb4  1/2-1/2

[Event "WYCC Boys U18"]
[Site "Vung Tau City VIE"]
[Date "2008.10.24"]
[Round "6"]
[White "Le Quang Liem"]
[Black "Biryukov,M"]
[Result "1-0"]
[WhiteElo "2583"]
[BlackElo "2279"]

1.d4 Nf6 2.c4 g6 3.Nc3 d5 4.Bg5 Ne4 5.Bh4 Nxc3 6.bxc3 dxc4 7.Qa4+ c6 8.Qxc4 Bg7
9.e3 O-O 10.Nf3 Nd7 11.Be2 Nf6 12.O-O Be6 13.Qa4 Nd5 14.Rac1 b5 15.Qc2 Re8
16.c4 bxc4 17.Bxc4 Qa5 18.Ng5 Nb4 19.Qb3 Bxc4 20.Qxc4 e6 21.Rb1 Rab8 22.Bg3 Rb5
23.Ne4 Rd8 24.Nc3 Rb7 25.a3  1-0

[Event "WYCC Boys U18"]
[Site "Vung Tau City VIE"]
[Date "2008.10.26"]
[Round "7"]
[White "Guilleux,F"]
[Black "Le Quang Liem"]
[Result "0-1"]
[WhiteElo "2396"]
[BlackElo "2583"]

1.Nf3 Nf6 2.c4 e6 3.Nc3 d5 4.d4 c6 5.Bg5 h6 6.Bh4 dxc4 7.e4 g5 8.Bg3 b5 9.Be2 Bb7
10.O-O Nbd7 11.Ne5 h5 12.Nxd7 Qxd7 13.Be5 Rh6 14.Qc1 Rg6 15.f4 gxf4 16.Qxf4 Bh6
17.Qf2 Bg7 18.Qh4 Qe7 19.Bxh5 Nxh5 20.Qxh5 Rg5 21.Qh7 Bxe5 22.dxe5 f5 23.Qh8+ Kd7
24.Rad1+ Kc7 25.Qf6 Qxf6 26.exf6 b4 27.Ne2 fxe4 28.Nf4 Bc8 29.f7 Bd7 30.Nh3 Rd5
31.Rxd5 exd5 32.f8=Q Rxf8 33.Rxf8 c3 34.bxc3 bxc3 35.Rf1 Bxh3 36.gxh3 d4  0-1

[Event "WYCC Boys U18"]
[Site "Vung Tau City VIE"]
[Date "2008.10.27"]
[Round "8"]
[White "Le Quang Liem"]
[Black "Saric,Iv"]
[Result "1-0"]
[WhiteElo "2583"]
[BlackElo "2516"]

1.d4 Nf6 2.c4 g6 3.g3 Bg7 4.Bg2 d6 5.Nc3 O-O 6.Nf3 Nbd7 7.O-O e5 8.e4 c6
9.h3 Qa5 10.Be3 Nb6 11.Qd3 exd4 12.Nxd4 Qa6 13.b3 d5 14.exd5 Nfxd5 15.Ne4 Nxe3
16.Qxe3 Nd7 17.Rad1 Qxa2 18.Nd6 Nb6 19.Nf3 Qb2 20.Rfe1 h6 21.Re2 Qc3 22.Rd3 Qa5
23.g4 Rb8 24.Re1 Be6 25.Nd4 Bd7 26.Nf3 Be6 27.Nd4 Bd7 28.Nf3 f5 29.Nh4 Rf6
30.gxf5 gxf5 31.Red1 f4 32.Qe2 Qg5 33.Nf3 Qh5 34.Qe5 Qxe5 35.Nxe5 Be6 36.h4 a5
37.h5 Bf5 38.Nxf5 Rxf5 39.Ng6 Rxh5 40.Nxf4 Rf5 41.Ne6 Bf6 42.Bh3 Re5 43.Rf3 Be7
44.Kh1 Rh5 45.Rg1+ Bg5 46.Kg2 Re8 47.Bf5 Rh4 48.Bg6 Rg4+ 49.Kh2 Rxg1 50.Kxg1 Rb8
51.Rf7 a4 52.f4 Bh4 53.bxa4 Nxc4 54.Kg2 Nd6 55.Rd7 Ne8 56.a5 Nf6 57.Rg7+ Kh8
58.Rf7 Nd5 59.Kh3 Be7 60.Kg4 Kg8 61.Kh5 Bf8 62.f5 Ra8 63.Nxf8 Rxf8 64.Rxb7 Nf4+
65.Kxh6 Nxg6 66.Kxg6 Ra8 67.f6 c5 68.Rg7+ Kf8 69.Rh7  1-0

[Event "38th Olympiad"]
[Site "Dresden GER"]
[Date "2008.11.16"]
[Round "4"]
[White "Uesugi,S"]
[Black "Le Quang Liem"]
[Result "0-1"]
[WhiteElo "2222"]
[BlackElo "2583"]

1.e4 c5 2.Nf3 d6 3.d4 cxd4 4.Nxd4 Nf6 5.Nc3 g6 6.Be3 Bg7 7.f3 O-O 8.Bc4 Nc6
9.Qd2 Bd7 10.O-O-O Rc8 11.Bb3 Ne5 12.h4 h5 13.Bg5 Rc5 14.Kb1 Re8 15.Rhe1 b5
16.g4 hxg4 17.f4 Nc4 18.Bxc4 bxc4 19.e5 dxe5 20.Nde2 exf4 21.Nxf4 Qb8 22.Ka1 Bf5
23.Bxf6 Bxf6 24.Nfd5 Kg7 25.Qf2 Rxd5 26.Rxd5 e6 27.Rd7 g3 28.Qe2 Rh8 29.Qf3 Rxh4
30.Rb7 Qf4 31.Qd1 Qd4 32.Qf3 Qf2 33.Qxf2 gxf2 34.Rf1 Bd4 35.Rd7 e5  0-1

[Event "38th Olympiad"]
[Site "Dresden GER"]
[Date "2008.11.22"]
[Round "9"]
[White "Short,N"]
[Black "Le Quang Liem"]
[Result "1-0"]
[WhiteElo "2642"]
[BlackElo "2583"]

1.e4 c5 2.Nf3 d6 3.d4 cxd4 4.Nxd4 Nf6 5.Nc3 g6 6.Be3 Bg7 7.f3 O-O 8.Qd2 Nc6
9.O-O-O Bd7 10.g4 Rc8 11.h4 Ne5 12.Kb1 h5 13.gxh5 Nxh5 14.Rg1 Rxc3 15.bxc3 Qa5
16.Nb3 Qa4 17.Be2 Bb5 18.f4 Bxe2 19.Qxe2 Nc4 20.Bc1 Rc8 21.f5 Qb5 22.Rg2 Nf6
23.h5 gxh5 24.Rdg1 Kf8 25.Qd1 Nxe4 26.Rxg7 Nxc3+ 27.Ka1 Ke8 28.Qxh5 Ne5 29.Rg8+ Kd7
30.Rxc8 Kxc8 31.Bb2 Qc4 32.f6 e6 33.Qh3 Ne2 34.Rg8+ Kd7 35.Bxe5 Qxc2 36.Qh1  1-0

[Event "38th Olympiad"]
[Site "Dresden GER"]
[Date "2008.11.23"]
[Round "10"]
[White "Le Quang Liem"]
[Black "Escobar Forero,A"]
[Result "1-0"]
[WhiteElo "2583"]
[BlackElo "2482"]

1.d4 d5 2.Nf3 c6 3.c4 Nf6 4.e3 Bf5 5.Nc3 e6 6.Nh4 Bg6 7.Be2 Nbd7 8.O-O Bd6
9.g3 O-O 10.Nxg6 hxg6 11.Qc2 dxc4 12.Bxc4 c5 13.dxc5 Bxc5 14.Rd1 Qc7 15.Be2 Rac8
16.Bd2 Qb8 17.Be1 a6 18.Rac1 Ba7 19.Qb1 Qe5 20.Bf3 Rc7 21.Ne2 Rxc1 22.Qxc1 Qb8
23.Bc3 Rc8 24.Qd2 Nb6 25.Qd6 Nbd7 26.Qxb8 Rxb8 27.g4 Nc5 28.h4 Bb6 29.b4 Ncd7
30.g5 Nd5 31.Bxd5 exd5 32.Rxd5 Nf8 33.Kg2 Rc8 34.b5 axb5 35.Rxb5 Nd7 36.a4 Rc5
37.Rb1 Rc7 38.Kf3 Bc5 39.Bd4 b6 40.Rc1 Ra7 41.Rc4 Ra5 42.Bc3 Ra8 43.Ke4 f6
44.Kd5 Rf8 45.Nf4 Kf7 46.Kc6 fxg5 47.Kxd7  1-0

[Event "XingQiu Open"]
[Site "Lishui CHN"]
[Date "2009.09.17"]
[Round "1"]
[White "Le Quang Liem"]
[Black "Lu Shanglei"]
[Result "1-0"]
[WhiteElo "2602"]
[BlackElo "2303"]

1.d4 d5 2.c4 c6 3.Nf3 Nf6 4.e3 e6 5.b3 Nbd7 6.Bd3 Bd6 7.Bb2 O-O 8.O-O b6
9.Nbd2 Bb7 10.Qe2 Qe7 11.e4 dxe4 12.Nxe4 Nxe4 13.Qxe4 Nf6 14.Qh4 Ba3 15.Bxa3 Qxa3
16.g4 h6 17.g5 hxg5 18.Nxg5 g6 19.Qh6 Qe7 20.Rae1 Rfe8 21.Re3 Qf8 22.Qh4 Rad8
23.Rf3 Qg7 24.Qf4 Nh7 25.Qxf7+ Qxf7 26.Nxf7 Rxd4 27.Ne5 c5 28.Rg3 Nf8 29.Re1 Re7
30.Nxg6 Nxg6 31.Bxg6 Kf8 32.h3 e5 33.Bh5 Rd2 34.a4 e4 35.Ree3 Rh7 36.Bg6 Rh4
37.Rg4 Rxg4+ 38.hxg4 Rd4 39.Kg2 Kg7 40.Bf5 Kf6 41.Kg3 Kg5 42.f3 exf3 43.Re6  1-0

[Event "XingQiu Open"]
[Site "Lishui CHN"]
[Date "2009.09.18"]
[Round "2"]
[White "Wu Xibin"]
[Black "Le Quang Liem"]
[Result "0-1"]
[WhiteElo "2346"]
[BlackElo "2602"]

1.e4 c5 2.Nf3 d6 3.d4 cxd4 4.Nxd4 Nf6 5.Nc3 a6 6.Bg5 e6 7.f4 Qb6 8.Qd2 Qxb2
9.Rb1 Qa3 10.Be2 Be7 11.O-O Nc6 12.Nxc6 bxc6 13.e5 Nd5 14.Nxd5 exd5 15.Bxe7 Kxe7
16.f5 dxe5 17.Qg5+ Kd7 18.Qxg7 Qf8 19.Qxe5 Qc5+ 20.Kh1 Re8 21.Qg7 Rxe2 22.f6 Kc7
23.Qxf7+ Bd7 24.Rb7+ Kxb7 25.Qxd7+ Kb6 26.Rb1+ Ka5 27.f7 Rxc2  0-1

[Event "XingQiu Open"]
[Site "Lishui CHN"]
[Date "2009.09.20"]
[Round "4"]
[White "Yu Yangyi"]
[Black "Le Quang Liem"]
[Result "0-1"]
[WhiteElo "2509"]
[BlackElo "2602"]

1.e4 c5 2.Nf3 d6 3.d4 cxd4 4.Nxd4 Nf6 5.Nc3 a6 6.h3 e6 7.g4 Be7 8.Bg2 O-O
9.g5 Nfd7 10.h4 Nc6 11.Be3 Nde5 12.O-O Nxd4 13.Bxd4 Ng6 14.Qh5 Nf4 15.Qf3 e5
16.Be3 f6 17.Bxf4 fxg5 18.Nd5 exf4 19.Bh3 Bf6 20.c3 gxh4 21.Rad1 Kh8 22.Kh2 Be5
23.Rg1 g6 24.Bg4 b5 25.Rd3 Bb7 26.Kh1 Ra7 27.Qh3 Ba8 28.f3 a5 29.Qg2 Bc6
30.Qf2 Rb7 31.Bh3 g5 32.Qg2 Rg7 33.Bg4 Qe8 34.Qh3 h6 35.Rd2 Bd7 36.Bxd7 Qxd7
37.Qxd7 Rxd7 38.Kh2 Rg7 39.Kh3 Kh7 40.Rc2 Rc8 41.Rgc1 h5 42.b4 axb4 43.cxb4 Ra8
44.Rb1 Kh6 45.Rb3 Rga7 46.Nc7 Rxa2 47.Rxa2 Rxa2 48.Nxb5 g4+  0-1

[Event "XingQiu Open"]
[Site "Lishui CHN"]
[Date "2009.09.21"]
[Round "5"]
[White "Le Quang Liem"]
[Black "Wu Wenjin"]
[Result "1-0"]
[WhiteElo "2602"]
[BlackElo "2407"]

1.d4 Nf6 2.c4 e6 3.Nc3 d5 4.cxd5 exd5 5.Bg5 c6 6.e3 Nbd7 7.Bd3 Be7 8.Nge2 Nf8
9.Qc2 Ne6 10.Bh4 g6 11.O-O O-O 12.Rad1 Ng4 13.Bg3 Bd6 14.h3 Bxg3 15.Nxg3 Nf6
16.b4 Qe7 17.b5 c5 18.dxc5 Nxc5 19.Be2 Be6 20.Bf3 Rfd8 21.Rd4 Rac8 22.Qb2 Rd6
23.Rfd1 Rcd8 24.R1d2 b6 25.Qb1 Nfe4 26.Bxe4 dxe4 27.Qd1 Rxd4 28.exd4 e3 29.fxe3 Bc4
30.Qf3 Ne6 31.d5 Nc5 32.Qf4 Nd3 33.Qd4 Ne5 34.Rf2 Bd3 35.Rd2 Bc4 36.Kh2 Kg7
37.Nge4 f6 38.Rf2 Rf8 39.Nd2 Bd3 40.Nf3 Rc8 41.d6 Qe6 42.Rd2 Rc4 43.Qd5 Nxf3+
44.gxf3 Qxe3 45.Qxd3 Qe5+ 46.f4 Qxf4+ 47.Kh1 Qe5 48.d7 Rxc3 49.d8=Q Rc8  1-0

[Event "XingQiu Open"]
[Site "Lishui CHN"]
[Date "2009.09.22"]
[Round "6"]
[White "Megaranto,S"]
[Black "Le Quang Liem"]
[Result "1/2-1/2"]
[WhiteElo "2527"]
[BlackElo "2602"]

1.d4 d5 2.Bg5 h6 3.Bh4 Nf6 4.Nf3 c5 5.dxc5 e6 6.e3 Bxc5 7.Nbd2 O-O 8.Be2 b6
9.O-O Bb7 10.c4 Be7 11.Rc1 Nbd7 12.Nd4 Rc8 13.N2f3 Nc5 14.a3 a6 15.Ne5 Qc7
16.Nd3 Rfd8 17.Bxf6 Nxd3 18.Bxd3 Bxf6 19.cxd5 Qxc1 20.Qxc1 Rxc1 21.Rxc1 Bxd4
22.exd4 Rxd5 23.Be4 Rd7  1/2-1/2

[Event "XingQiu Open"]
[Site "Lishui CHN"]
[Date "2009.09.23"]
[Round "7"]
[White "Le Quang Liem"]
[Black "Xiu Deshun"]
[Result "1-0"]
[WhiteElo "2602"]
[BlackElo "2494"]

1.d4 Nf6 2.Nf3 e6 3.c4 d5 4.Nc3 Bb4 5.cxd5 exd5 6.Bg5 Nbd7 7.Rc1 O-O 8.e3 c6
9.Bd3 Qa5 10.Bb1 Ne4 11.O-O Re8 12.Bh4 h6 13.Nd2 Nxd2 14.Qxd2 Nf8 15.Bg3 Qd8
16.f3 Bd6 17.Bxd6 Qxd6 18.Qf2 Qf6 19.e4 dxe4 20.fxe4 Qxf2+ 21.Kxf2 Bg4 22.h3 Bh5
23.g4 Bg6 24.Ke3 Re7 25.h4 Rae8 26.b4 Ne6 27.a4 Nc7 28.Kf3 Rd8 29.Rcd1 Red7
30.Ke3 Re7 31.Kf3 Red7 32.Ne2 a5 33.bxa5 Ra8 34.Bc2 Rxa5 35.Bb3 h5 36.g5 Re7
37.Ng3 b5 38.Ra1 Ne6 39.Bxe6 fxe6 40.axb5 Rxb5 41.Ra8+ Kh7 42.Kg2 Rd7 43.Rff8 Rb2+
44.Kf3 Bf7 45.Rh8+ Kg6 46.Nxh5 e5 47.d5 Rdb7 48.Kg4 Bxd5 49.exd5 R2b4+ 50.Kh3 cxd5
51.Ng3 Rb3 52.Raf8  1-0

[Event "XingQiu Open"]
[Site "Lishui CHN"]
[Date "2009.09.24"]
[Round "8"]
[White "Wen Yang"]
[Black "Le Quang Liem"]
[Result "1/2-1/2"]
[WhiteElo "2538"]
[BlackElo "2602"]

1.e4 c5 2.Nf3 d6 3.d4 cxd4 4.Qxd4 Nc6 5.Bb5 Bd7 6.Bxc6 Bxc6 7.c4 Nf6 8.Nc3 g6
9.O-O Bg7 10.Qd3 O-O 11.Nd4 Qb6 12.Rd1 Nd7 13.b3 Nc5 14.Qe3 Ne6 15.Nde2 Qxe3
16.Bxe3 f5 17.exf5 gxf5 18.f3 Kf7 19.Rac1 Rfc8 20.Kf2 Be5 21.f4 Bf6 22.Nd5 Bb2
23.Rb1 Bh8 24.Ng3 Ng7 25.Rbc1 e6 26.Nb4 Ne8 27.c5 Bb2 28.Rb1 Ba3 29.Nxc6 Rxc6
30.b4 dxc5 31.bxc5 Nf6 32.Rxb7+ Kg6 33.h3 Nd5 34.Ne2 Bxc5 35.Bxc5 Rxc5 36.Rd2 h5
37.Kg3 Ra5 38.Rb3 Kf6 39.Nc3 Rg8+ 40.Kf3 Nb6 41.g3 Rc5 42.Nd1 Nd5 43.Ne3 Nc3
44.g4 hxg4+ 45.hxg4 Rh8 46.Kg2 Ne4 47.Rd7 Ra5 48.Rbb7 Rxa2+ 49.Kg1 Ra1+ 50.Kg2 Ra2+
51.Kg1 Ra1+ 52.Kg2  1/2-1/2

[Event "XingQiu Open"]
[Site "Lishui CHN"]
[Date "2009.09.25"]
[Round "9"]
[White "Le Quang Liem"]
[Black "Liu Qingnan"]
[Result "1/2-1/2"]
[WhiteElo "2602"]
[BlackElo "2426"]

1.d4 Nf6 2.Nf3 e6 3.c4 d5 4.Nc3 Be7 5.Bg5 h6 6.Bh4 O-O 7.e3 Nbd7 8.Rc1 c6
9.Qc2 b6 10.cxd5 cxd5 11.Bd3 Bb7 12.O-O  1/2-1/2

[Event "3rd Asian Indoor Team Rapid Prelim"]
[Site "Ha Long City VIE"]
[Date "2009.11.05"]
[Round "5"]
[White "Le Quang Liem"]
[Black "Kazhgaleyev,M"]
[Result "1-0"]
[WhiteElo "2635"]
[BlackElo "2653"]

1.d4 d5 2.c4 c6 3.Nc3 e5 4.dxe5 d4 5.Ne4 Qa5+ 6.Nd2 Nd7 7.Nf3 Nxe5 8.Nxd4 Nxc4
9.e3 Nxd2 10.Bxd2 Bb4 11.Bc4 Bxd2+ 12.Qxd2 Qxd2+ 13.Kxd2 Nf6 14.f3 Ke7 15.e4 c5
16.Ne2 b6 17.Ke3 Bb7 18.Nc3 Rhd8 19.Rhd1 a6 20.a4 Kf8 21.b3 g5 22.g3 h6 23.e5 Ne8
24.Ne4 Bxe4 25.Kxe4 Nc7 26.f4 Ke7 27.h4 b5 28.Be2 gxh4 29.gxh4 Rxd1 30.Rxd1 bxa4
31.bxa4 Rb8 32.Rd6 Rb4+ 33.Ke3 Rxa4 34.Bf3 Ra3+ 35.Kf2 f5 36.Rxh6 Ne6 37.Rh7+ Kf8
38.Rh5 Nd4 39.Bd5 c4 40.Rh8+ Kg7 41.Rg8+ Kh7 42.Rc8 Ra2+ 43.Kf1 Ra1+ 44.Kg2 Ra2+
45.Kh3 Ra3+ 46.Kh2 Ra2+ 47.Bg2 Rc2 48.Kg3 Rc3+ 49.Kf2 Ne6 50.Bd5 Nxf4 51.Bxc4 Kg7
52.Rc7+ Kh6 53.Rc6+ Kg7 54.e6 Kf6 55.Ke1 a5 56.Kd2 Rh3 57.Rc7 Rh2+ 58.Ke3 Rxh4
59.Rf7+ Ke5 60.e7 Rh8 61.Rf8 Rh3+ 62.Kf2 Rh2+ 63.Kg1  1-0

[Event "3rd Asian Indoor Team Rapid Prelim"]
[Site "Ha Long City VIE"]
[Date "2009.11.05"]
[Round "6"]
[White "Al Modiahki,M"]
[Black "Le Quang Liem"]
[Result "0-1"]
[WhiteElo "2571"]
[BlackElo "2635"]

1.e4 c6 2.d4 d5 3.Nd2 dxe4 4.Nxe4 Bf5 5.Ng3 Bg6 6.h4 h6 7.Nf3 Nd7 8.h5 Bh7
9.Bd3 e6 10.Bd2 Ngf6  0-1

[Event "3rd Asian Indoor Team Rapid Prelim"]
[Site "Ha Long City VIE"]
[Date "2009.11.06"]
[Round "8"]
[White "Le Quang Liem"]
[Black "Ghaem Maghami,E"]
[Result "1/2-1/2"]
[WhiteElo "2635"]
[BlackElo "2603"]

1.d4 Nf6 2.Nf3 e6 3.c4 c5 4.Nc3 cxd4 5.Nxd4 Bb4 6.g3 Ne4 7.Qd3 Nxc3 8.bxc3 Be7
9.Bg2 a6 10.O-O O-O 11.Rd1 Qc7 12.Bf4 d6 13.c5 Qxc5 14.Nb3 Qb6 15.Bxd6 Rd8
16.Bxe7 Rxd3 17.Rxd3 Nd7 18.Rad1 h6 19.Rxd7 Bxd7 20.Rxd7 Qb5 21.Rxb7 Qxe2
22.c4 a5 23.Bf1 Qxa2 24.Nd4 a4 25.Nb5 a3 26.Nxa3 Rxa3 27.Bxa3 Qxa3 28.Rc7  1/2-1/2

[Event "3rd Asian Indoor Team Rapid Prelim"]
[Site "Ha Long City VIE"]
[Date "2009.11.06"]
[Round "9"]
[White "Le Quang Liem"]
[Black "Kobayashi,A"]
[Result "1-0"]
[WhiteElo "2635"]
[BlackElo "1962"]

1.d4 d5 2.c4 e6 3.Nc3 Nf6 4.cxd5 exd5 5.Bg5 Be7 6.e3 O-O 7.Bd3 Re8 8.Nge2 Nbd7
9.O-O Nf8 10.b4 Bxb4 11.Bxf6 gxf6 12.Nxd5 Qxd5 13.Qa4 Bd6 14.Qxe8 Bf5 15.Qxa8 Bxd3
16.Rfe1 Qf5 17.Ng3 Bxg3 18.hxg3 Be4 19.Qxa7 Ne6 20.f3 Bxf3 21.Rf1 Ng5 22.Qxb7  1-0

[Event "3rd Asian Indoor Team Rapid S/F"]
[Site "Ha Long City VIE"]
[Date "2009.11.07"]
[Round "1"]
[White "Le Quang Liem"]
[Black "Harikrishna,P"]
[Result "1/2-1/2"]
[WhiteElo "2635"]
[BlackElo "2672"]

1.d4 d5 2.Nf3 Nf6 3.c4 c6 4.Qc2 dxc4 5.Qxc4 Bg4 6.Nc3 Nbd7 7.e4 Bxf3 8.gxf3 e5
9.Be3 exd4 10.Bxd4 Bd6 11.O-O-O Qc7 12.Rg1 O-O 13.Bh3 Bf4+ 14.Kb1 Ne5 15.Qe2 Rad8
16.Bf5 Ng6 17.Bxg6 hxg6 18.h4 Nh5 19.Qc4 Be5 20.Bxe5 Qxe5 21.Rxd8 Rxd8 22.Rxg6 Qh2
23.Rg5 Qxf2 24.Rxh5 Rd2 25.Ka1 Rd4 26.Rh8+ Kxh8 27.Qxf7 Qxh4 28.a3 Qf6 29.Qxb7 Qxf3
30.Qxa7 Qf1+ 31.Ka2 Qc4+ 32.Ka1 Rd8 33.Qe7 Rb8 34.Qd6 Qb3 35.Qd2 Rf8 36.Qe2 Qf7
37.Nb1 Qf2 38.Qh5+ Kg8 39.Qe5 Qf6 40.Qc5 Qe6 41.Nd2 Rd8 42.Qc3 Qh6 43.Qc4+ Kh8
44.Nb3 Qd6 45.Ka2 Rb8 46.Qf7 Qf8 47.Qe6 Qf6 48.Qxf6 gxf6 49.Nc5 Kg7 50.b4 Kf7
51.Kb3 Ke7 52.a4 Kd6 53.a5 Rh8 54.Kc4 Rh1 55.Nb3 Rh4 56.Kd3 f5 57.exf5 Rxb4
58.Nd2 Ke5 59.Kc3 Ra4 60.Nb3 Kxf5 61.Nd4+ Ke4 62.Nxc6 Kd5 63.Nb4+ Kc5 64.Nd3+ Kb5
65.Kb3 Rxa5 66.Kc3 Ra3+ 67.Kd4 Ra4+ 68.Kc3 Kc6 69.Nb4+ Kd6 70.Nd3 Rh4 71.Nb4 Kc5
72.Nd3+ Kb5 73.Ne5 Re4 74.Nd3 Rc4+ 75.Kb3 Rc8 76.Nb4 Kc5 77.Kc3 Kb5+ 78.Kb3 Rc1
79.Nd3 Rc4 80.Nb2 Rd4 81.Kc3 Kc5 82.Nd3+ Kd5 83.Nb4+ Ke4 84.Nc2 Rd8 85.Kc4 Rc8+
86.Kb3 Kd3 87.Nb4+ Kd2 88.Nd5 Rc1 89.Nb4 Rc5 90.Na6 Rc6 91.Nb4 Rc3+ 92.Ka4 Rc8
93.Kb3 Rh8 94.Kc4 Rh4+ 95.Kb3 Rd4 96.Nc6 Rd3+ 97.Kb4 Rc3 98.Kb5 Kd3 99.Nb4+ Kd4
100.Nc6+ Kd5 101.Nb4+ Kd6 102.Na6 Rh3 103.Nb4 Rh4 104.Na6 Rg4 105.Nb4 Rd4
106.Na6 Rd5+ 107.Kc4 Rh5 108.Nb4 Rh4+ 109.Kb5 Rg4 110.Na6 Kd5 111.Nb4+ Kd4
112.Nc6+ Kc3 113.Kc5 Rg5+ 114.Kd6 Rh5 115.Ne5 Kd4 116.Nc6+ Ke4 117.Nb4 Rb5
118.Nc6 Rd5+ 119.Ke6 Rd1 120.Ne7 Ra1 121.Nc6 Rd1 122.Ne7 Rh1 123.Kd6 Rh6+
124.Kc5 Rh7 125.Kd6 Rxe7 126.Kxe7  1/2-1/2

[Event "2nd Dragon Capital"]
[Site "Ho Chi Minh City VIE"]
[Date "2009.12.03"]
[Round "1"]
[White "Le Quang Liem"]
[Black "Pham Le Thao Nguyen"]
[Result "1-0"]
[WhiteElo "2602"]
[BlackElo "2314"]

1.d4 d5 2.c4 c6 3.Nf3 Nf6 4.e3 Bf5 5.Nc3 e6 6.Nh4 Be4 7.f3 Bg6 8.Qb3 Qc7
9.Bd2 a6 10.Rc1 dxc4 11.Bxc4 Nbd7 12.a4 Bd6 13.g3 Rb8 14.e4 Nh5 15.O-O Be7
16.Ng2 Qb6 17.Be3 Qxb3 18.Bxb3 Nhf6 19.g4 h6 20.h4 e5 21.Ne2 Rd8 22.Rfd1 O-O
23.g5 hxg5 24.hxg5 Nh5 25.Nh4 Kh7 26.Kg2 Rh8 27.Nxg6 Kxg6 28.dxe5 Nxe5 29.f4 Ng4
30.Bb6 Rxd1 31.Rxd1 c5 32.Rd7  1-0

[Event "2nd Dragon Capital"]
[Site "Ho Chi Minh City VIE"]
[Date "2009.12.03"]
[Round "2"]
[White "Pham Chuong"]
[Black "Le Quang Liem"]
[Result "0-1"]
[WhiteElo "2364"]
[BlackElo "2602"]

1.d4 Nf6 2.Nf3 e6 3.c4 d5 4.e3 a6 5.Qc2 Nbd7 6.Nbd2 c5 7.cxd5 exd5 8.b3 Bd6
9.Bd3 cxd4 10.Nxd4 O-O 11.O-O Ne5 12.Be2 Bd7 13.Bb2 Rc8 14.Qd1 Qe7 15.N2f3 Ne4
16.Rc1 Rce8 17.Rc2 Ng6 18.Qd3 h5 19.Rfc1 h4 20.Bf1 Rd8 21.h3 Bb8 22.Ne2 Bf5
23.Qd4 f6 24.Nc3 Kh7 25.Bd3 Rfe8 26.Rd1 b5 27.Nxd5 Qb7 28.Bxe4 Bxe4 29.Rc5 Kh6
30.b4 Ba7 31.Nxf6 gxf6 32.Qxf6 Rxd1+ 33.Kh2 Bxf3 34.Qg5+ Kh7 35.gxf3 Bb8+
36.Kg2 Nf4+  0-1

[Event "2nd Dragon Capital"]
[Site "Ho Chi Minh City VIE"]
[Date "2009.12.04"]
[Round "3"]
[White "Le Quang Liem"]
[Black "Nguyen Quynh Anh"]
[Result "1-0"]
[WhiteElo "2602"]
[BlackElo "2102"]

1.d4 d5 2.c4 e6 3.Nf3 c6 4.Qc2 Nf6 5.Bg5 Nbd7 6.Nbd2 Be7 7.e3 h6 8.Bh4 O-O
9.Rc1 b6 10.cxd5 cxd5 11.Qc6 Rb8 12.Qa4 a6 13.Bg3 b5 14.Qc2 Ra8 15.Qc6 Ra7
16.Bd3 Bb7 17.Qc7 Qxc7 18.Bxc7 Rc8 19.Ke2 Ne8 20.Ba5 Raa8 21.Ne5 Ndf6 22.Nb3 Rxc1
23.Rxc1 Rc8 24.Ra1 Bc6 25.Nc5 Bxc5 26.dxc5 Ba8 27.Bb6 Ne4 28.f3 f6 29.Ng6 Kf7
30.Nf4 e5 31.fxe4 dxe4 32.Bc2 exf4 33.Bb3+ Ke7 34.exf4 Nc7 35.a4 Bd5 36.Bd1 Bc4+
37.Ke3 f5 38.g4 g6 39.gxf5 gxf5 40.axb5 Bxb5 41.Bxc7 Rxc7 42.b4 Rb7 43.Bc2 Rd7
44.Rg1 Kf6 45.Rg8 Rb7 46.Rf8+ Rf7 47.Rb8 Rc7 48.Rb6+ Kg7 49.h4 Rc6 50.Rb7+ Kg6
51.Bd1 Rc8 52.h5+ Kf6 53.Rh7 Rg8 54.Rxh6+ Ke7 55.Rg6 Rh8 56.h6 Rb8 57.Bb3 Rh8
58.Bd5 Kd7 59.Rg7+ Kc8 60.h7  1-0

[Event "2nd Dragon Capital"]
[Site "Ho Chi Minh City VIE"]
[Date "2009.12.04"]
[Round "4"]
[White "Dao Thien Hai"]
[Black "Le Quang Liem"]
[Result "0-1"]
[WhiteElo "2552"]
[BlackElo "2602"]

1.d4 Nf6 2.c4 e6 3.Nf3 d5 4.Bg5 Bb4+ 5.Bd2 Be7 6.Nc3 O-O 7.Qc2 dxc4 8.e3 c5
9.dxc5 Na6 10.Bxc4 Nxc5 11.O-O b6 12.b4 Ncd7 13.Qb2 Bb7 14.Be2 a6 15.Rac1 Rc8
16.a3 Rc7 17.Rfd1 Qb8 18.h3 h6 19.Be1 Rfc8 20.Na2 Nd5 21.Rxc7 Rxc7 22.Rc1 Bf6
23.Qb1 b5 24.Bd2 N5b6 25.Rxc7 Qxc7 26.Bd3 Nc4 27.Bc1 Qc6 28.Bf1 Ndb6 29.Qc2 Nd6
30.Qxc6 Bxc6 31.Nd4 Bxd4 32.exd4 Na4 33.Bd2 Bd5 34.Nc3 Nxc3 35.Bxc3 Bc4 36.Bd2 Kf8
37.f3 Ke7 38.g4 Bxf1 39.Kxf1 Nc4 40.Bc1 Kd6 41.Ke2 Kd5 42.Kd3 f6 43.Kc3 e5
44.dxe5 Nxe5 45.f4 Nf3 46.Kd3 f5 47.Ke3 fxg4 48.hxg4 Nh2 49.g5 Ng4+ 50.Kf3 h5
51.Bb2 g6 52.Bc3 Ke6 53.Bd4 Kf5 54.Kg3 h4+ 55.Kxh4 Kxf4 56.Bc5 Ne5 57.Bd6 Kf5
58.Kg3 Nf7  0-1

[Event "2nd Dragon Capital"]
[Site "Ho Chi Minh City VIE"]
[Date "2009.12.05"]
[Round "5"]
[White "Le Quang Liem"]
[Black "Nguyen Van Huy"]
[Result "1-0"]
[WhiteElo "2602"]
[BlackElo "2414"]

1.d4 Nf6 2.Nf3 e6 3.c4 Bb4+ 4.Bd2 Qe7 5.g3 Nc6 6.Nc3 O-O 7.Bg2 Bxc3 8.Bxc3 Ne4
9.Qc2 Nxc3 10.Qxc3 d6 11.O-O e5 12.d5 Nb8 13.c5 Bg4 14.c6 bxc6 15.dxc6 a5
16.Rfe1 a4 17.b4 axb3 18.axb3 Na6 19.b4 Rfb8 20.Ra5 e4 21.Nd4 d5 22.Nc2 d4
23.Qxd4 Rb6 24.Re5 Be6 25.b5 Rd8 26.Qxe4  1-0

[Event "2nd Dragon Capital"]
[Site "Ho Chi Minh City VIE"]
[Date "2009.12.07"]
[Round "7"]
[White "Le Quang Liem"]
[Black "Nguyen Anh Dung"]
[Result "1/2-1/2"]
[WhiteElo "2602"]
[BlackElo "2474"]

1.d4 d5 2.c4 c6 3.Nc3 Nf6 4.e3 a6 5.Nf3 b5 6.b3 Bg4 7.Be2 e6 8.O-O Nbd7 9.Bb2 Bd6
10.h3 Bh5 11.Ne5 Bxe2 12.Nxe2 Qc7 13.cxd5 cxd5 14.Rc1 Qb8 15.Nxd7 Kxd7 16.f3 Qb7
17.Nf4 Rhc8 18.Nd3 Ke8 19.Qe2 Rxc1 20.Rxc1 Rc8 21.Nc5 Qb6 22.b4 Rd8 23.Qc2 h6
24.e4 Be7 25.Re1 a5 26.a3 axb4 27.axb4 Ra8 28.Bc3 Qc6 29.Bd2 Kf8 30.e5 Ng8
31.Rc1 Bxc5 32.Qxc5+ Qxc5 33.Rxc5 Rb8 34.Rc7 Ne7 35.Kf2 Rc8 36.Rb7 Nf5 37.Rxb5 Nxd4
38.Rb7 Rc2 39.Ke3 Nb3 40.Kd3 Rxd2+ 41.Kc3 Rxg2 42.Kxb3 g5 43.b5 Rg1 44.Kb2 Rg2+
45.Kb1 Rg1+ 46.Kb2  1/2-1/2

[Event "2nd Dragon Capital"]
[Site "Ho Chi Minh City VIE"]
[Date "2009.12.08"]
[Round "9"]
[White "Le Quang Liem"]
[Black "Tu Hoang Thai"]
[Result "1-0"]
[WhiteElo "2602"]
[BlackElo "2405"]

1.d4 Nf6 2.Nf3 d6 3.g3 Nbd7 4.Bg2 e5 5.c4 c6 6.Nc3 e4 7.Nd2 d5 8.f3 exf3
9.Bxf3 dxc4 10.Nxc4 Nb6 11.Ne3 Bh3 12.Ng2 Qd7 13.Bg5 O-O-O 14.Nf4 Be6 15.Nxe6 fxe6
16.Qb3 Qxd4 17.Qxe6+ Qd7 18.Qxd7+ Nbxd7 19.O-O-O h6 20.Bd2 Bb4 21.a3 Ba5
22.Kc2 Ne5 23.b3 Rhe8 24.Bc1 Rxd1 25.Rxd1 Neg4 26.b4 Bc7 27.Rh1 a6 28.Nd1 Ne5
29.Ne3 Nxf3 30.exf3 Re5 31.Kd3 Rh5 32.f4 Nd5 33.Bb2 Nxe3 34.Kxe3 g6 35.Bg7 Kd7
36.Ke4 Ke6 37.h4 a5 38.Be5 axb4 39.Bxc7 Rc5 40.axb4 Rc4+ 41.Kf3 Rxb4 42.h5 Kf7
43.hxg6+ Kxg6 44.g4 Rb3+ 45.Ke4  1-0

[Event "Tata Steel TCh-Asia"]
[Site "Kolkata IND"]
[Date "2009.12.23"]
[Round "2"]
[White "Le Quang Liem"]
[Black "Ghaem Maghami,E"]
[Result "0-1"]
[WhiteElo "2624"]
[BlackElo "2603"]

1.d4 Nf6 2.c4 e6 3.Nf3 Bb4+ 4.Bd2 a5 5.g3 d5 6.a3 Be7 7.Bg2 c6 8.Qc2 O-O
9.O-O Nbd7 10.Nc3 dxc4 11.a4 Nd5 12.Rfd1 b6 13.Ne4 h6 14.g4 Ba6 15.g5 h5
16.Ne5 Qc7 17.Nxc4 c5 18.dxc5 Nxc5 19.Rac1 Rac8 20.b3 Nxb3 21.Qxb3 Bxc4 22.Qf3 Qe5
23.h4 Bb4 24.Bf1 Bb3 25.Rxc8 Rxc8 26.Rc1 Rxc1 27.Bxc1 g6 28.Qxb3 Qxe4 29.Qg3 Qc2
30.Qb8+ Kg7 31.Bf4 Nxf4 32.Qe5+ Kf8 33.Qh8+ Ke7 34.Qf6+ Ke8 35.Qxf4 Qxa4
36.Qb8+ Ke7 37.Qc7+ Kf8 38.Qxb6 Be7 39.Qb8+ Kg7 40.Qb7 Bc5 41.Qc7 Qb4 42.e3 a4
43.Bh3 Bd6 44.Qd7 a3 45.Bxe6 Qb1+ 46.Kg2 Qe4+  0-1